000 00288nam a2200109Ia 4500
008 180309s9999 xx 000 0 und d
020 _a9789351154273
245 _aOffice secretaryship /
260 _aUAE :
_b2015
_c3G elearning pub
300 _avii, 274 pages
650 _aOffice practice
999 _c356154
_d356154